000 00306nam a2200109Ia 4500
008 200302s9999 xx 000 0 und d
100 _aMargaret Cottom-Winslow
245 _aEnvironmental Design The Best of Architecture & Technology
260 _bPBC International Inc.,
260 _c1990
300 _a247 P.,
999 _c2428
_d2428